000 00388pab a2200157 454500
008 180718b2000 xxu||||| |||| 00| 0 eng d
100 _aPrasher, Rajeev
245 _aManagement education at under-graduate level
260 _c2000
300 _ap.9-12
362 _a23 Oct
650 _aManagement education
700 _aPrasher, Ajay
773 _aUniversity News
909 _a46877
999 _c46877
_d46877